00281nam a2200121Ia 45000030006000000080041000060400015000471000017000622450023000792600028001025460012001300050017001420STCL150530s9999 xx 000 0 und d aSTCLcSTCL aWalter Scott aAnne of Geierstein bOxford universityc1920 aEnglish20220125171029.0